000
00239nam a2200097Ia 4500
008
190216s9999||||xx |||||||||||||| ||und||
100
_a
Null
245
0
_a
Hindi-Hindi Prayogika Sankaramik Anusheelan
260
_b
S Vishwanathan
942
_c
BK
999
_c
17537
_d
17537